Výrazná zmena k lepšiemu Poisťovňa TATRA je dnes bližšie ku klientovi ako kedykoľvek predtým

Bibliographic Details
Main Author: Halák, Kamil (Author)
Format: Article
Language:Slovak
ISSN:1335-4620
Subjects:

MARC

LEADER 00000nab a2200000 ar4500
001 vtls008620707
003 SK-MaSNL
005 20260303071912.0
008 060206c2005 xo wr|p|||||||000 b|slo
015 |a SNBRB2006/02  |2 snkbucl 
038 |a SNKBUCL 
040 |a SNKBUCL  |b slo  |c SNKBUCL  |e AACR2 
041 0 |a slo 
044 |a xo  |c SK 
080 |a 368.032(437.6)  |2 1997 
100 1 |a Halák, Kamil  |4 aut  |9 870923 
245 1 0 |a Výrazná zmena k lepšiemu  |b Poisťovňa TATRA je dnes bližšie ku klientovi ako kedykoľvek predtým  |c Kamil Halák 
610 2 7 |a Poisťovňa TATRA (Slovensko)  |2 snkbucl  |9 1071185 
773 0 |t Profit  |g Č. 23-24 (2005), s. 17  |x 1335-4620 
852 |a SNK  |b KIS3GCP 
999 |c 1761890  |d 1763820